Rovnováha moci: Stratégie na posilnenie postavenia žien vo vedení podniku diplomová práca

Salvato in:
Dettagli Bibliografici
Autore principale: Reiserová, Diana
Ente Autore: Fakulta podnikového manažmentu EU. Katedra manažmentu
Altri autori: Skorková, Zuzana, 1979-
Natura: Libro
Lingua:slovacco
Pubblicazione: Bratislava 2025
Tags: Aggiungi Tag
Nessun Tag, puoi essere il primo ad aggiungerne!!

MARC

LEADER 00000nbm a2200000 4500
001 0309735
005 20260325082127.9
041 0 |a slo 
044 |a SK 
245 1 0 |a Rovnováha moci: Stratégie na posilnenie postavenia žien vo vedení podniku  |b diplomová práca  |c Diana Reiserová ; školiteľ: Zuzana Skorková 
264 1 |a Bratislava  |c 2025 
300 |a 88 s. 
100 1 |a Reiserová, Diana 
700 1 |a Skorková, Zuzana, 1979- 
710 2 |a Fakulta podnikového manažmentu EU. Katedra manažmentu